01475nam a2200385Ia 4500001001200000003000800012006001900020007001500039008004100054010001700095020002600112020001800138020002300156020002500179020002200204040002100226035002100247050002400268245011700292250001600409260004300425300002800468504005100496533015200547650005400699650005700753650002400810650001400834650001700848655002900865700003500894710001700929856012600946999001701072ebr10233356CaPaEBRm u cr cn|||||||||061017s2007 enkab sb 001 0 eng d z 2006034258 z9781845204167 (cloth) z9781847883278 z1845204166 (cloth) z9781845204174 (pbk.) z1845204174 (pbk.) aCaPaEBRcCaPaEBR a(OCoLC)29055228014aHV6016b.O64 2007eb00aOpen fireh[electronic resource] :bunderstanding global gun cultures /cedited by Charles Fruehling Springwood. aEnglish ed. aOxford, UK ;aNew York :bBerg,c2007. ax, 227 p. :bill., map. aIncludes bibliographical references and index. aElectronic reproduction.bPalo Alto, Calif. :cebrary,d2009.nAvailable via World Wide Web.nAccess may be limited to ebrary affiliated libraries. 0aFirearmsxSocial aspectsvCross-cultural studies. 0aFirearms in popular culturevCross-cultural studies. 0aFirearms ownership. 0aViolence. 0aGun control. 7aElectronic books.2local1 aSpringwood, Charles Fruehling.2 aebrary, Inc.40uhttp://site.ebrary.com/lib/rucke/Doc?id=10233356zAn electronic book accessible through the World Wide Web; click to view c38100d38100